00693nam a22001812 4500001001100000005001700011008004100028020002200069040001500091100003200106245015400138260003100292300001100323650005400334650005500388700003400443700003400477000000725920151217155832.0071213s xx 000 0 eng d a9982260456 :cKES aKABUcKABU1 aCheelo, Caesar.@000015844610aAssessing the impact of the internet on trade for selected Eastern and Southern African countries /cCaesar Cheelo, Themba Munalula, Terrie Walmsley. a[Lusaka] :bCOMESA,c2003. a99 p. 0aElectronic commercezAfrica, Eastern.@0000158447 0aEletronic commercezAfrican, Southern.@00001584481 aMunalula, Themba.@00001584491 aWalmsley, Terrie.@0000158450